Văn hoá truyền thống của người Nùng Khen Lài ở Cao Bằng

Giới thiệu khái quát văn hoá truyền thống của người Nùng Khen Lài ở Cao Bằng. Nội dung một số bài dân ca của dân tộc Nùng

সংরক্ষণ করুন:
গ্রন্থ-পঞ্জীর বিবরন
প্রধান লেখক: Triệu Thị Mai
বিন্যাস: গ্রন্থ
ভাষা:Vietnamese
প্রকাশিত: H. Đại học Quốc gia Hà Nội 2010
বিষয়গুলি:
ট্যাগগুলো: ট্যাগ যুক্ত করুন
কোনো ট্যাগ নেই, প্রথমজন হিসাবে ট্যাগ করুন!
Thư viện lưu trữ: Mạng thư viện Đại học Đà Nẵng
LEADER 01443aam a22003618a 4500
001 000007042
003 3203
005 20111013161008.0
008 110926s2010 viesd
020 |a 9786046200963  |d 2000b 
041 0 |a vie 
082 1 4 |2 14  |a 398.20959712  |b TR-M 
100 1 |a Triệu Thị Mai 
245 1 0 |a Văn hoá truyền thống của người Nùng Khen Lài ở Cao Bằng  |c Triệu Thị Mai 
260 |a H.  |b Đại học Quốc gia Hà Nội  |c 2010 
300 |a 494tr.  |b ảnh màu  |c 21cm 
500 |a ĐTTS ghi: Hội Văn nghệ Dân gian Việt Nam 
504 |a Phụ lục: tr. 485-490 
520 |a Giới thiệu khái quát văn hoá truyền thống của người Nùng Khen Lài ở Cao Bằng. Nội dung một số bài dân ca của dân tộc Nùng 
650 7 |2 Bộ TK TVQG  |a Dân tộc Nùng 
650 7 |2 Bộ TK TVQG  |a Văn hoá truyền thống 
651 7 |2 Bộ TK TVQG  |a Cao Bằng 
655 7 |2 Bộ TK TVQG  |a Dân ca 
OWN |a LSP 
AVA |a UDN50  |b LSP  |d 398.20959712 TR-M  |e available  |t Error 5001 Not defined in file expand_doc_bib_avail.  |f 1  |g 0  |h N  |i 0  |k 1 
999 |a From the UDN01 
AVA |a UDN50  |b LSP  |d 398.20959712 TR-M  |e available  |t Error 5001 Not defined in file expand_doc_bib_avail.  |f 1  |g 0  |h N  |i 0  |k 1 
TYP |a Monograph 
TYP |a Printed language 
980 |a Mạng thư viện Đại học Đà Nẵng